| 000 | 01198cam a2200301 a 4500 | ||
|---|---|---|---|
| 001 | 177489 | ||
| 003 | ARRUPE | ||
| 005 | 20210702114331.0 | ||
| 008 | 980922s1998 enka 001 0 eng | ||
| 010 | _a 98200330 | ||
| 020 | _a9781509738014 | ||
| 040 |
_aDLC _cDLC _dDLC |
||
| 050 | 0 | 0 | _aHF5661.A262428 2021 F5 |
| 245 | 0 | 0 | _aFoundations in accountancy / ACCA: Performance management (PM) : ACCA approved workbook for exams in September 2021, December 2021, March 2022 and June 2022 |
| 250 | _a2nd | ||
| 260 |
_aLondon : _bBPP Publishing, _c2021 |
||
| 300 |
_axviii, 465 p. : _bill. ; _c30 cm. |
||
| 490 | 1 | _aACCA Approved Workbook | |
| 500 | _aIncludes Ebook | ||
| 650 | 0 |
_aManagerial accounting. _xExaminations _xStudy guides _950154 |
|
| 650 | 0 |
_a Association of Chartered Certified Accountants _xExaminations _xStudy guides _950155 |
|
| 650 | 0 |
_aAccountants _xCertification _xExaminations _xStudy guides _950156 |
|
| 710 | 2 |
_aACCA _950157 |
|
| 830 | 0 |
_aACCA Approved workbook _950158 |
|
| 906 |
_a7 _bcbc _corignew _d2 _encip _f19 _gy-gencatlg |
||
| 942 |
_2lcc _cMONOGRAPH |
||
| 999 |
_c130627 _d130627 |
||